Pestovanie amerických klinčekov

Bibliographic Details
Main Author: Jakábová, Anna, 1943- (Author)
Format: Article
Language:Slovak
Subjects:

MARC

LEADER 00000nab a2200000 a 4500
001 vtls000109459
003 SK-MaSNL
005 20260303024414.0
008 111031c1981 xo 0 slo
015 |a SNBRA19rr/mm-uuuuu 
035 |a CL0119562 
040 |a SNKBUCL  |b slo  |c SNKBUCL  |e AACR2 
041 0 |a slo 
044 |a xo  |c SK 
080 |a 635.9  |2 1981 
100 1 |a Jakábová, Anna,  |d 1943-  |4 aut  |9 163431 
245 1 0 |a Pestovanie amerických klinčekov  |c A. Jakábová 
650 0 7 |a americké klinčeky  |2 SNK  |9 929515 
655 7 |a články zo zborníkov  |2 SNKPH  |9 166140 
773 0 |t Poradca záhradkára 8  |d Bratislava : Príroda, 1981 
850 |a Slovenská národná knižnica v Martine  |a MTA001 
852 |a SNK  |b KIS3GCP 
958 |a RK 
992 |a RZB 
999 |c 1640300  |d 1642230